Konrad Wachsmann's television : (Record no. 608585)

000 -LEADER
fixed length control field 04198cam a2200589 i 4500
001 - CONTROL NUMBER
control field 22226211
003 - CONTROL NUMBER IDENTIFIER
control field NUST
005 - DATE AND TIME OF LATEST TRANSACTION
control field 20240306153142.0
008 - FIXED-LENGTH DATA ELEMENTS--GENERAL INFORMATION
fixed length control field 210908t20202020gw ach b 000 0beng d
010 ## - LIBRARY OF CONGRESS CONTROL NUMBER
LC control number 2021379532
020 ## - INTERNATIONAL STANDARD BOOK NUMBER
International Standard Book Number 9783956795350
035 ## - SYSTEM CONTROL NUMBER
System control number (OCoLC)on1140669903
038 ## - RECORD CONTENT LICENSOR
Staff Name Malang Jan
040 ## - CATALOGING SOURCE
Original cataloging agency YDX
Language of cataloging eng
Transcribing agency YDX
Description conventions rda
Modifying agency BDX
-- OCLCQ
-- ERASA
-- OHX
-- JPG
-- OCLCO
-- OCLCF
-- STF
-- FNE
-- DLC
042 ## - AUTHENTICATION CODE
Authentication code lccopycat
043 ## - GEOGRAPHIC AREA CODE
Geographic area code e-gx---
050 00 - LIBRARY OF CONGRESS CALL NUMBER
Classification number NA1088.W26
Item number W54 2020
082 04 - DEWEY DECIMAL CLASSIFICATION NUMBER
Classification number 724.6
Author Mark WIG
100 1# - MAIN ENTRY--PERSONAL NAME
Personal name Wigley, Mark,
Relator term author.
9 (RLIN) 120823
245 10 - TITLE STATEMENT
Title Konrad Wachsmann's television :
Remainder of title post-architectural transmissions /
Statement of responsibility, etc. Mark Wigley ; Nikolaus Hirsch & Markus Miessen (eds.).
246 30 - VARYING FORM OF TITLE
Title proper/short title Post-architectural transmissions
264 #1 - PRODUCTION, PUBLICATION, DISTRIBUTION, MANUFACTURE, AND COPYRIGHT NOTICE
Place of production, publication, distribution, manufacture Berlin :
Name of producer, publisher, distributor, manufacturer Sternberg Press,
Date of production, publication, distribution, manufacture, or copyright notice [2020]
264 #4 - PRODUCTION, PUBLICATION, DISTRIBUTION, MANUFACTURE, AND COPYRIGHT NOTICE
Date of production, publication, distribution, manufacture, or copyright notice ©2020
300 ## - PHYSICAL DESCRIPTION
Extent 397 pages :
Other physical details illustrations (some color), facsimiles, portraits ;
Dimensions 15 cm
336 ## - CONTENT TYPE
Content type term text
Content type code txt
Source rdacontent
336 ## - CONTENT TYPE
Content type term still image
Content type code sti
Source rdacontent
337 ## - MEDIA TYPE
Media type term unmediated
Media type code n
Source rdamedia
338 ## - CARRIER TYPE
Carrier type term volume
Carrier type code nc
Source rdacarrier
490 1# - SERIES STATEMENT
Series statement Critical spatial practice ;
Volume/sequential designation 11
504 ## - BIBLIOGRAPHY, ETC. NOTE
Bibliography, etc. note Includes bibliographical references.
505 00 - FORMATTED CONTENTS NOTE
Miscellaneous information Acknowledgments --
-- Prologue --
Title Gleaming Screens --
-- Extreme Horizontals --
-- Extra-Human Hospitality --
-- Architecture Machines --
-- Twisted Circuits --
-- Blackboard Forestry --
-- Signature Lure --
-- Electronic Tables --
-- Building Television --
-- Televisual Politics --
-- Prime-Time Building --
-- Programming Dissent --
Miscellaneous information Epilogue.
520 8# - SUMMARY, ETC.
Summary, etc. In this provocative intellectual biography, architectural historian Mark Wigley makes the surprising claim that the thinking behind modernist architect Konrad Wachsmann?s legendary projects was dominated by the idea of television. While architecture is typically embarrassed by television, preferring to act as if it never happened, Wachsmann fully embraced it. Investigating the archives of one of the most influential designers of the twentieth century, Wigley scrutinizes Wachsmann?s design, research, and teaching, closely reading a succession of unseen drawings, models, photographs, correspondence, publications, syllabi, reports, and manuscripts to argue that Wachsmann is an anti-architect?a student of some of the most influential designers of the 1920s that dedicated thirty-five post?Second World War years to the disappearance of architecture.00Wachsmann turned architecture against itself. His hypnotic projects for a new kind of space were organized around the thought that television liberates a different way of living together. Wachsmann dissolved buildings into pulsating mirages that were a huge influence on the experimental avant-gardes of the 1960s and 1970s. But Konrad Wachsmann?s Television: Post-architectural Transmissions demonstrates that this work was even more extreme than the experiments it inspired. The book offers a forensic analysis of a career to show that Wachsmann developed one of the most compelling manifestos of what architecture would need to become in the age of ubiquitous electronics.
600 10 - SUBJECT ADDED ENTRY--PERSONAL NAME
Personal name Wachsmann, Konrad,
Dates associated with a name 1901-1980.
9 (RLIN) 121936
600 17 - SUBJECT ADDED ENTRY--PERSONAL NAME
Personal name Wachsmann, Konrad,
Dates associated with a name 1901-1980.
Source of heading or term fast
Authority record control number or standard number (OCoLC)fst00198183
9 (RLIN) 121936
648 #7 - SUBJECT ADDED ENTRY--CHRONOLOGICAL TERM
Chronological term 1900-1999
Source of heading or term fast
9 (RLIN) 25422
650 #0 - SUBJECT ADDED ENTRY--TOPICAL TERM
Topical term or geographic name entry element Architects
Geographic subdivision Germany
Form subdivision Biography.
9 (RLIN) 121937
650 #0 - SUBJECT ADDED ENTRY--TOPICAL TERM
Topical term or geographic name entry element Architecture
Geographic subdivision Germany
General subdivision History
Chronological subdivision 20th century.
9 (RLIN) 121938
650 #0 - SUBJECT ADDED ENTRY--TOPICAL TERM
Topical term or geographic name entry element Architecture and technology
Geographic subdivision Germany
General subdivision History
Chronological subdivision 20th century.
9 (RLIN) 121939
650 #7 - SUBJECT ADDED ENTRY--TOPICAL TERM
Topical term or geographic name entry element Architects.
Source of heading or term fast
Authority record control number or standard number (OCoLC)fst00813114
650 #7 - SUBJECT ADDED ENTRY--TOPICAL TERM
Topical term or geographic name entry element Architecture.
Source of heading or term fast
Authority record control number or standard number (OCoLC)fst00813346
650 #7 - SUBJECT ADDED ENTRY--TOPICAL TERM
Topical term or geographic name entry element Architecture and technology.
Source of heading or term fast
Authority record control number or standard number (OCoLC)fst00813591
651 #7 - SUBJECT ADDED ENTRY--GEOGRAPHIC NAME
Geographic name Germany.
Source of heading or term fast
Authority record control number or standard number (OCoLC)fst01210272
655 #7 - INDEX TERM--GENRE/FORM
Genre/form data or focus term Biographies.
Source of term fast
Authority record control number (OCoLC)fst01919896
9 (RLIN) 33106
655 #7 - INDEX TERM--GENRE/FORM
Genre/form data or focus term History.
Source of term fast
Authority record control number (OCoLC)fst01411628
9 (RLIN) 13777
700 1# - ADDED ENTRY--PERSONAL NAME
Personal name Hirsch, Nikolaus,
Relator term editor.
9 (RLIN) 121940
700 1# - ADDED ENTRY--PERSONAL NAME
Personal name Miessen, Markus,
Relator term editor.
9 (RLIN) 121941
700 12 - ADDED ENTRY--PERSONAL NAME
Personal name Wachsmann, Konrad,
Dates associated with a name 1901-1980.
Title of a work Works.
Form subheading Selections.
9 (RLIN) 121942
830 #0 - SERIES ADDED ENTRY--UNIFORM TITLE
Uniform title Critical spatial practice ;
Volume/sequential designation 11.
9 (RLIN) 121943
906 ## - LOCAL DATA ELEMENT F, LDF (RLIN)
a 7
b cbc
c copycat
d 2
e ncip
f 20
g y-gencatlg
942 ## - ADDED ENTRY ELEMENTS (KOHA)
Source of classification or shelving scheme
Koha item type Book
Holdings
Withdrawn status Lost status Source of classification or shelving scheme Damaged status Not for loan Permanent Location Current Location Date acquired Source of acquisition Total Checkouts Full call number Barcode Date last seen Cost, replacement price Price effective from Koha item type
          School of Art Design and Architecture (SADA) School of Art Design and Architecture (SADA) 06/13/2022 Golden Books   724.6 WIG 2020 SADA0002956 03/06/2024 3511.00 03/06/2024 Book
© 2023 Central Library, National University of Sciences and Technology. All Rights Reserved.